1880 1638 1122 1825 1377 1266 1581 1350 1623 1686 1341 1397 1810 1845 1553 1147 1154 1947 1680 1627 1257 1877 1325 1608 1093 1294 1037 1646 1489 1486 1075 1475 1417 1507 1193 1153 1027 1289 1257 1301 1190 1787 1285 1076 1922 1818 1194 1227 1714 1708 1869 1358 1892 1249 1545 1500 1144 1964 1718 1205 1602 1637 1314 1407 1599 1936 1976 1364 1941 1016 1163 1220 1802 1739 1224 1159 1967 1622 1661 1309 1144 1729 1537 1988 1706 1964 1519 1177 1368 1841 1860 1419 1797 1106 1070 1719 1660 1335 1540 BCNSPRNW ULIB Ver.6.0+V

เปลี่ยนเป็นภาษาไทย

Change to English
 แสดงรายละเอียดบรรณานุกรม
  กลับหน้าหลัก

Brief Record : Get Marc (ISO 2709) : E-mail record : QR code < ปิดหน้าต่าง
LEADER : 00000nam a2200000 a 4500
001    13399114134
003     ULIB
008    110302s2554 th a 000 0 tha d
020    ^a9789746521994
060 04 ^aWS100^bศ721ก
245 00 ^aกุมารเวชศาสตร์ทันยุค /^cบรรณาธิการ, ศุกระวรรณ อินทรขาว ...
250    ^aพิมพ์ครั้งที่ 1
260    ^aกรุงเทพฯ :^bสาขากุมารเวชศาสตร์ คณะแพทยศาสตร์^c2554
300    ^aviii, 348 หน้า :^bภาพประกอบ ;^c26 ซม.
650  4 ^aกุมารเวชศาสตร์
700 0  ^aศุกระวรรณ อินทรขาว,^eบรรณาธิการ
710 2  ^aมหาวิทยาลัยธรรมศาสตร์. ^bคณะแพทยศาสตร์.
945    ^p450^l0^i031036
945    ^p450^l0^i031037
995    ^aเกษร
999 ^a ทศพร
รายการนี้ยังไม่มีแท็ก
คุณยังไม่ได้ล็อกอิน คุณสามารถมีกิจกรรมร่วมกับเว็บไซต์ได้ แต่ต้องล็อกอินก่อน ::
  ล็อกอิน

รายการสื่อสารสนเทศ

ลำดับที่ ประเภท เลขเรียก/บาร์โค้ด สถานที่ สถานะ
1. วิทยาศาสตร์การแพทย์ และสุขภาพ
หนังสือสำรอง
สถานะ=หนังสือสำรอง
WS100 ศ721ก ฉ.1 
  Barcode: 031036
ห้องสมุดวิทยาเขตสวรรค์ประชารักษ์
►ส่วนจัดเก็บหนังสือเก่า สปร
บนชั้น
  ขอยืม
2. วิทยาศาสตร์การแพทย์ และสุขภาพ
วิทยาศาสตร์การแพทย์ และสุขภาพ
WS100 ศ721ก ฉ.2 
  Barcode: 031037
ห้องสมุดวิทยาเขตสวรรค์ประชารักษ์
►ส่วนจัดเก็บหนังสือเก่า สปร
บนชั้น
  ขอยืม

รายการใกล้เคียง
    หัวเรื่อง [กุมารเวชศาสตร์]

BibComment


ยังไม่เคยถูกคอมเมนท์

คอมเมนท์ทรัพยากรรายการนี้
  คอมเมนท์: กุมารเวชศาสตร์ทั..


 Copyright 2026. Bcnsprnw @Library